La lluvia, es una piel : poesía /
Αποθηκεύτηκε σε:
| Κύριος συγγραφέας: | |
|---|---|
| Μορφή: | Άγνωστο |
| Γλώσσα: | Spanish |
| Έκδοση: |
San José, Costa Rica :
Ministerio de Cultura, Juventud y Deportes, Dirección General de Cultura ,
1999.
|
| Θέματα: | |
| Ετικέτες: |
Προσθήκη ετικέτας
Δεν υπάρχουν, Καταχωρήστε ετικέτα πρώτοι!
|
MARC
| LEADER | 000000000a22000000004500 | ||
|---|---|---|---|
| 001 | 009577 | ||
| 020 | |a 9977591407 | ||
| 041 | 0 | |a spa | |
| 082 | 0 | 4 | |a CR861.44 |b M135L |
| 100 | 1 | |a McDonald Woolery, Delia, |d 1965- | |
| 245 | 1 | 3 | |a La lluvia, es una piel : |b poesía / |c Delia McDonald Woolery. |
| 260 | 1 | |a San José, Costa Rica : |b Ministerio de Cultura, Juventud y Deportes, Dirección General de Cultura , |c 1999. | |
| 300 | |a 100 páginas | ||
| 650 | 4 | |a LITERATURA COSTARRICENSE | |
| 650 | 4 | |a POESIA | |
| 650 | 4 | |a POESIA NEGRA | |
| 999 | |c 15768 |d 15768 | ||
| 942 | |c BK |h CR861.44 M135L |2 z | ||



